|
|
|
|
| LEADER |
01144nam a2200361 4500 |
| 001 |
DLU090093594 |
| 005 |
##20091201 |
| 040 |
# |
# |
|a DLU
|b eng
|
| 041 |
# |
# |
|a eng
|
| 044 |
# |
# |
|a us
|
| 245 |
# |
# |
|a Demonstration of a method for the direct determination of polycyclic aromatic hydrocarbons in submerged sediments /
|c Timothy J. Grundl ... [et al.].
|
| 653 |
# |
# |
|a Fluorescence spectrometry
|
| 653 |
# |
# |
|a Gas chromatography
|
| 653 |
# |
# |
|a Hydrocarbon
|
| 653 |
# |
# |
|a Laser induced fluorescence
|
| 653 |
# |
# |
|a Mass spectrometry
|
| 653 |
# |
# |
|a Measurement error
|
| 653 |
# |
# |
|a Sediments
|
| 700 |
# |
# |
|a Aldstadt, Joseph H., III.
|
| 700 |
# |
# |
|a Germain, Randy W. St.
|
| 700 |
# |
# |
|a Grundl, Timothy J.
|
| 700 |
# |
# |
|a Harb, Jason G.
|
| 700 |
# |
# |
|a Schweitzer, Robert C.
|
| 773 |
# |
# |
|t Environmental Science & Technology
|g Vol. 37, no. 6 (March 2003), p. 1189-1197
|
| 920 |
# |
# |
|a Phòng Tạp chí -- Trung tâm Thông tin - Thư viện Trường Đại học Đà Lạt
|
| 994 |
# |
# |
|a DLU
|
| 900 |
# |
# |
|a True
|
| 911 |
# |
# |
|a Trương Bảo Trâm Anh
|
| 925 |
# |
# |
|a G
|
| 926 |
# |
# |
|a A
|
| 927 |
# |
# |
|a BB
|
| 980 |
# |
# |
|a Thư viện Trường Đại học Đà Lạt
|